CÁTALOGO MUNICIPAL







El hombre maldito : y otros cuuentos (Registro nro. 10879)

Detalles MARC
000 -Cabecera (24)
Campo de control interno 00676nam a22002414a 4500
001 - Número de control
Campo de control BIBLIOTECA MUNICIPAL DE BARRANCO
007 - Tipo material - Descripcion fisica - info general
Tipo material ta
008 - Códigos de longitud fija (40p)
Campo de control de longitud fija t pe gr 00| 0 spa d
017 ## - DEPOSITO LEGAL (PERÚ)
Número Depósito Legal 2012-051149
020 ## - INTERNATIONAL STANDARD BOOK NUMBER
ISBN 978-612-45641-0-9
040 ## - Origen de la Catalogacion
Origen de la Catalogacion BIBLIOTECA MUNICIPAL DE BARRANCO
041 ## - Código de idioma (R)
Código de lengua del texto/banda sonora o título independiente (R) spa
043 ## - Pais ISO
País ISO pe
082 ## - Número de la Clasificación
Número de la Clasificación 869.568
Número de documento/Ítem V18H 2012
100 ## - Autor Personal
Autor Personal Valdelomar, Abraham
245 ## - Titulo
Titulo El hombre maldito : y otros cuuentos
Mencion del autor Abraham Valdelomar
250 ## - Mencion de edicion
Edicion 1a ed.
260 ## - Pie de imprenta
Ciudad Lima :
Editorial Editorial arsam,
Año 2012
300 ## - Descripcion
Páginas 143 p. :
Dimensiones 21 cm.
490 ## - Serie Colección
Serie Colección Juvenilia
650 #0 - Temas - Descriptores
9 (RLIN) 4118
Temas - Descriptores Literatura peruana
942 ## - Datos personalizados Koha
Tipo de Documento Libros
Fecha procesamiento 2025-06-02
Catalogador GHÑ
Existencias
Fuente de Clasificacion Deterioro (estado) Ubicacion permanente Ubicacion actual Fecha de Ingreso a la Biblioteca Numero inventario Prestamos Signatura Topográfica Código de barras Ultima fecha de verificacion Tipo de Item Ubicación en edificio Precio dolares
Dewey Decimal Classification   Biblioteca Municipal Manuel Beingolea Biblioteca Municipal Manuel Beingolea 06/02/2025 005876   869.568 V18H 2012 005876 06/02/2025 Libros Estantería cerrada  

  

  GERENCIA DE CULTURA Y TURISMO

  Biblioteca Municipal de Barranco

  Auspiciado por la Municipalidad Distrial de Barranco

  Horario de atención: De lunes a sábado de 8:00 am a 5:00 pm.

  Correo electrónico: biblioteca@munibarranco.gob.pe

  Teléfono :203-6730, anexo 303


Ubicación